[Event "HUN-chT2"]
[Site "Hungary"]
[Date "1996.??.??"]
[Round "?"]
[White "Farkas, Jozsef"]
[Black "Szlamcsik, Karoly"]
[Result "1-0"]
[WhiteElo "1800"]
[BlackElo "1840"]
[PlyCount "107"]
[EventDate "1996.??.??"]
[EventType "team"]
[EventRounds "13"]
[EventCountry "HUN"]
[SourceTitle "EXT 2006"]
[Source "ChessBase"]
[SourceDate "2005.11.24"]
[SourceVersion "1"]
[SourceVersionDate "2005.11.24"]
[SourceQuality "1"]

1. d4 d6 2. Nf3 g6 3. Bf4 Bg7 4. e3 Bg4 5. h3 Bxf3 6. Qxf3 c6 7. c3 Nd7 8. Nd2 Ngf6 9. Bd3 0-0 10. e4 e5 11. dxe5 dxe5 12. Be3 Qc7 13. Nb3 c5 14. Nd2 Rad8 15. Rd1 Nb6 16. Bg5 Rd6 17. 0-0 Rfd8 18. Bc2 h6 19. Be3 a5 20. Qe2 Qc6 21. Nb3 Rxd1 22. Rxd1 Rxd1+ 23. Qxd1 Nc4 24. Qd8+ Kh7 25. Nxa5 Nxa5 26. Qxa5 b6 27. Qa7 Ne8 28. Qxf7 Nd6 29. Qd5 Qxd5 30. exd5 Kg8 31. b3 Kf7 32. c4 e4 33. Bf4 Nf5 34. Bxe4 Nd4 35. Bc7 Ne2+ 36. Kh2 Nc3 37. f3 b5 38. d6 Be5+ 39. g3 g5 40. Bd3 b4 41. Kg2 Nxa2 42. f4 gxf4 43. gxf4 Bxf4 44. Kf3 Be5 45. Bf5 Nc1 46. Ke4 Bg3 47. Kd5 Nxb3 48. Bb6 Nd4 49. d7 Bh4 50. Bb1 Ne6 51. Bxc5 Nxc5 52. Kxc5 b3 53. Kc6 Ke7 54. Kc7 1-0